Most distant country connect - Statistics

General Stats
  • This quiz has been taken 271 times
  • The average score is 66 of 196
Answers on the Map
Answers color-coded by a green-red scale on the quiz's map according to % correct below.
 
Answer Stats
Latitude Longitude Country % Correct
25.3 N 51.2 E Qatar
100%
13.8 S 172.1 W Samoa
70%
21.2 S 175.2 W Tonga
52%
17.3 N 9.3 E Niger
51%
28.2 N 2.6 E Algeria
48%
17.3 S 163.9 E Fiji
48%
41.7 S 172.7 E New Zealand
48%
39.6 N 8.1 W Portugal
48%
13.5 N 15.4 W Gambia
46%
12.0 N 15.1 W Guinea-Bissau
46%
6.4 N 9.4 W Liberia
46%
0.5 S 166.9 E Nauru
46%
14.4 N 14.5 W Senegal
46%
8.9 S 160.0 E Solomon Islands
46%
7.1 S 177.6 E Tuvalu
46%
15.5 S 167.1 E Vanuatu
46%
10.8 S 53.1 W Brazil
45%
7.4 N 150.6 E Federated States of Micronesia
45%
7.9 N 1.2 W Ghana
45%
3.4 S 168.7 W Kiribati
45%
7.1 N 171.2 E Marshall Islands
45%
7.6 N 5.6 W Ivory Coast
44%
11.8 N 122.9 E Philippines
44%
16.7 S 64.6 W Bolivia
43%
1.6 N 10.4 E Equatorial Guinea
43%
12.7 N 104.9 E Cambodia
42%
3.9 N 73.1 W Colombia
42%
8.8 S 126.0 E East Timor
42%
1.5 S 78.4 W Ecuador
42%
4.8 N 59.0 W Guyana
42%
2.2 S 117.4 E Indonesia
42%
3.7 N 109.7 E Malaysia
42%
9.2 S 74.4 W Peru
42%
4.1 N 55.9 W Suriname
42%
7.2 N 66.2 W Venezuela
42%
16.7 N 106.3 E Vietnam
42%
1.4 N 103.8 E Singapore
41%
10.4 N 61.3 W Trinidad and Tobago
41%
17.1 N 61.8 W Antigua and Barbuda
40%
25.7 S 134.5 E Australia
40%
4.7 N 114.9 E Brunei
40%
36.6 N 103.9 E China
40%
10.0 N 84.2 W Costa Rica
40%
13.7 N 88.9 W El Salvador
40%
15.7 N 90.4 W Guatemala
40%
3.2 N 73.2 E Maldives
40%
46.8 N 102.9 E Mongolia
40%
8.5 N 80.1 W Panama
40%
6.5 S 145.3 E Papua New Guinea
40%
36.4 N 127.8 E South Korea
40%
7.7 N 80.7 E Sri Lanka
40%
15.0 N 101.0 E Thailand
40%
35.4 S 65.2 W Argentina
39%
23.8 N 90.3 E Bangladesh
39%
17.2 N 88.7 W Belize
39%
27.4 N 90.5 E Bhutan
39%
16.0 N 24.0 W Cape Verde
39%
39.0 S 71.5 W Chile
39%
21.6 N 79.0 W Cuba
39%
14.8 N 86.6 W Honduras
39%
22.9 N 79.6 E India
39%
18.1 N 77.3 W Jamaica
39%
18.4 N 103.8 E Laos
39%
23.9 N 102.6 W Mexico
39%
12.8 N 85.0 W Nicaragua
39%
7.5 N 134.6 E Palau
39%
23.2 S 58.4 W Paraguay
39%
23.7 N 121.0 E Taiwan
39%
32.8 S 56.0 W Uruguay
39%
12.3 N 61.6 W Grenada
38%
18.9 N 72.7 W Haiti
38%
20.3 S 57.6 E Mauritius
38%
21.0 N 96.5 E Myanmar
38%
28.2 N 84.0 E Nepal
38%
4.7 S 55.5 E Seychelles
38%
45.7 N 112.6 W United States
38%
61.5 N 98.1 W Canada
37%
19.4 S 46.7 E Madagascar
37%
18.9 N 70.5 W Dominican Republic
36%
26.5 S 31.4 E Eswatini
36%
37.7 N 138.1 E Japan
36%
29.6 S 28.2 E Lesotho
36%
22.1 S 17.2 E Namibia
36%
40.1 N 127.2 E North Korea
36%
30.0 N 69.4 E Pakistan
36%
25.5 N 77.9 W Bahamas
35%
13.2 N 59.5 W Barbados
35%
17.4 N 62.8 W Saint Kitts and Nevis
35%
33.9 N 66.1 E Afghanistan
34%
11.9 S 43.9 E Comoros
34%
17.2 S 35.5 E Mozambique
34%
13.0 N 61.3 W Saint Vincent and the Grenadines
34%
15.4 N 61.4 W Dominica
33%
41.5 N 74.6 E Kyrgyzstan
33%
13.9 N 61.0 W Saint Lucia
33%
38.6 N 71.0 E Tajikistan
33%
12.2 S 17.5 E Angola
32%
22.1 S 23.8 E Botswana
32%
64.5 N 26.2 E Finland
32%
10.4 N 11.1 W Guinea
32%
65.1 N 18.8 W Iceland
32%
53.2 N 8.0 W Ireland
32%
48.2 N 67.3 E Kazakhstan
32%
13.2 S 34.2 E Malawi
32%
69.2 N 15.5 E Norway
32%
20.6 N 56.1 E Oman
32%
62.0 N 96.8 E Russia
32%
8.5 N 11.8 W Sierra Leone
32%
28.9 S 25.0 E South Africa
32%
62.8 N 16.6 E Sweden
32%
6.3 S 34.8 E Tanzania
32%
39.1 N 59.3 E Turkmenistan
32%
53.9 N 2.9 W United Kingdom
32%
41.7 N 63.2 E Uzbekistan
32%
13.4 S 27.7 E Zambia
32%
18.9 S 29.8 E Zimbabwe
32%
20.2 N 10.3 W Mauritania
31%
0.2 N 6.6 E Sao Tome and Principe
31%
56.1 N 9.9 E Denmark
30%
4.8 N 45.7 E Somalia
30%
23.9 N 54.2 E United Arab Emirates
30%
3.4 S 29.9 E Burundi
29%
2.9 S 23.6 E Democratic Republic of the Congo
29%
58.6 N 25.8 E Estonia
29%
56.8 N 24.8 E Latvia
29%
29.9 N 8.4 W Morocco
29%
40.2 N 45.0 E Armenia
28%
40.2 N 47.6 E Azerbaijan
28%
53.5 N 28.0 E Belarus
28%
50.7 N 4.6 E Belgium
28%
9.6 N 2.3 E Benin
28%
12.3 N 1.8 W Burkina Faso
28%
5.7 N 12.6 E Cameroon
28%
0.6 S 11.7 E Gabon
28%
42.2 N 43.5 E Georgia
28%
32.5 N 54.3 E Iran
28%
0.6 N 37.8 E Kenya
28%
55.3 N 23.9 E Lithuania
28%
17.3 N 3.5 W Mali
28%
52.3 N 5.5 E Netherlands
28%
52.1 N 19.3 E Poland
28%
0.8 S 15.1 E Republic of the Congo
28%
2.0 S 29.9 E Rwanda
28%
8.4 N 1.0 E Togo
28%
1.3 N 32.4 E Uganda
28%
40.3 N 3.6 W Spain
26%
25.9 N 50.6 E Bahrain
25%
11.8 N 42.5 E Djibouti
25%
42.5 N 2.9 W France
25%
51.1 N 10.3 E Germany
25%
29.3 N 47.6 E Kuwait
25%
49.8 N 6.0 E Luxembourg
25%
49.1 N 31.2 E Ukraine
25%
15.9 N 47.5 E Yemen
25%
6.5 N 20.4 E Central African Republic
24%
49.8 N 15.3 E Czech Republic
24%
8.7 N 39.6 E Ethiopia
24%
9.5 N 8.0 E Nigeria
24%
7.3 N 30.2 E South Sudan
24%
46.8 N 8.1 E Switzerland
24%
42.5 N 1.6 E Andorra
23%
47.6 N 14.1 E Austria
23%
15.4 N 38.7 E Eritrea
23%
33.0 N 43.8 E Iraq
23%
31.2 N 36.8 E Jordan
23%
43.8 N 7.4 E Monaco
23%
24.1 N 44.5 E Saudi Arabia
23%
15.3 N 18.6 E Chad
22%
26.5 N 29.8 E Egypt
22%
31.5 N 35.0 E Israel
22%
27.0 N 18.0 E Libya
22%
47.2 N 9.6 E Liechtenstein
22%
48.7 N 19.5 E Slovakia
22%
16.0 N 29.9 E Sudan
22%
35.0 N 38.5 E Syria
22%
34.2 N 9.5 E Tunisia
22%
34.9 N 33.0 E Cyprus
21%
42.8 N 12.1 E Italy
21%
33.9 N 35.9 E Lebanon
21%
44.2 N 17.8 E Bosnia and Herzegovina
20%
45.0 N 16.6 E Croatia
20%
39.1 N 22.7 E Greece
20%
47.2 N 19.4 E Hungary
20%
42.6 N 20.9 E Kosovo
20%
35.9 N 14.4 E Malta
20%
47.2 N 28.4 E Moldova
20%
42.8 N 19.3 E Montenegro
20%
41.6 N 21.7 E North Macedonia
20%
43.9 N 12.5 E San Marino
20%
44.2 N 20.8 E Serbia
20%
46.1 N 14.9 E Slovenia
20%
39.1 N 35.1 E Turkey
20%
41.1 N 20.0 E Albania
19%
42.8 N 25.2 E Bulgaria
19%
45.9 N 24.9 E Romania
19%
41.9 N 12.5 E Vatican City
19%
No matching quizzes found
Score Distribution
Percent of People with Each Score
Percentile by Number Answered
Your Score History
You have not taken this quiz